2023-24 NFL WEEK 1 STARTING QBs - Statistics

General Stats
  • This quiz has been taken 158 times
  • The average score is 30 of 32
Answer Stats
Hint Answer % Correct
BUF Josh Allen
98%
BAL Lamar Jackson
97%
KC Patrick Mahomes
97%
CIN Joe Burrow
96%
NYJ Aaron Rodgers
95%
TB Baker Mayfield
95%
NYG Daniel Jones
95%
PHI Jalen Hurts
95%
DET Jared Goff
95%
GB Jordan Love
95%
NE Mac Jones
95%
LAR Matthew Stafford
95%
JAC Trevor Lawrence
95%
MIA Tua Tagovailoa
95%
SF Brock Purdy
94%
DAL Dak Prescott
94%
LAC Justin Herbert
94%
DEN Russell Wilson
94%
NO Derek Carr
93%
CHI Justin Fields
93%
CAR Bryce Young
92%
HOU C.J. Stroud
92%
SEA Geno Smith
92%
MIN Kirk Cousins
92%
CLE Deshaun Watson
91%
IND Anthony Richardson
89%
PIT Kenny Pickett
89%
TEN Ryan Tannehill
88%
LV Jimmy Garoppolo
85%
ATL Desmond Ridder
82%
WAS Sam Howell
82%
ARI Joshua Dobbs
80%
No matching quizzes found
Score Distribution
Percent of People with Each Score
Percentile by Number Answered
Your Score History
You have not taken this quiz